Human resource management (Record no. 29873)

MARC details
000 -LEADER
fixed length control field 00487nam a2200181Ia 4500
008 - FIXED-LENGTH DATA ELEMENTS--GENERAL INFORMATION
fixed length control field 230917s9999||||xx |||||||||||||| ||und||
020 ## - ISBN
Price RS560
040 ## - CATALOGING SOURCE
-- 253085
Original cataloging agency VIVEKANANDA LIBRARY
041 ## - Language
-- English
082 ## - DDC NUMBER
Classification number 658.3 S58H(2)
100 ## - MAIN ENTRY--PERSONAL NAME
Personal name Sanghi, Seema
245 #0 - TITLE STATEMENT
Title Human resource management
250 ## - EDITION STATEMENT
Edition statement 2nd ed.
260 ## - PUBLICATION, DISTRIBUTION, ETC. (IMPRINT)
Place of publication, distribution, etc Noida
Name of publisher, distributor, etc Vikas Publishing House
Date of publication, distribution, etc 2019
300 ## - PHYSICAL DESCRIPTION
Pages xvii, 465 p.
500 ## - GENERAL NOTE
General note 3398 09/01/2019 HBD19/7800 18/03/2019 IMSAR (Dev. & Research)
942 ## - ADDED ENTRY ELEMENTS (KOHA)
Koha item type Books
Holdings
Withdrawn status Lost status Damaged status Not for loan Location (home branch) Sublocation or collection (holding branch) Shelving location Date acquired Koha issues (times borrowed) Koha full call number Accession No. Koha date last seen Koha item type
        VIVEKANANDA LIBRARY VIVEKANANDA LIBRARY IMSAR Library 04/04/2019   658.3 S58H(2) 388278 17/09/2023 Books
        VIVEKANANDA LIBRARY VIVEKANANDA LIBRARY IMSAR Library 04/04/2019   658.3 S58H(2) 388279 17/09/2023 Books
        VIVEKANANDA LIBRARY VIVEKANANDA LIBRARY IMSAR Library 04/04/2019   658.3 S58H(2) 388280 17/09/2023 Books
© Designed and Maintained by Vivekananda Library, MDU Rohtak